000 00536nam a2200181Ia 4500
005 20250508160146.0
008 008 250505s9999 xx 000 0 eng d
037 _aTextual
040 _aFEDL
_beng
_cFEDL
041 _aeng
_2eng
084 _a330.3, IND
_qFEDL
245 0 _aProvisional list of technical terms in hindi for secondary schools : Economics
245 0 _cGovernment of India. Ministry of Education
300 _a42p.
650 _aEconomics
942 _cTEXL
_h330.3, IND
999 _c1362306
_d1362306